| 000 | 01738nam a2200433 i 4500 | ||
|---|---|---|---|
| 001 | DIGPUCP179 | ||
| 003 | NyNyDIG | ||
| 007 | cr ||||||||||| | ||
| 008 | 231023s2023 pe ob 000 0 spa d | ||
| 006 | m o d | ||
| 035 | _a(OCoLC)1406036772 | ||
| 040 |
_aDGITA _beng _erda _epn _cDGITA |
||
| 020 |
_a9786123178635 _qeBook |
||
| 020 | _z9786123178611 | ||
| 043 | _as-pe--- | ||
| 050 | 1 | 4 | _aPQ8498.32.A65 ebook |
| 100 | 1 |
_aSánchez León, Abelardo, _eauthor. |
|
| 245 | 1 | 0 |
_aTorrentes en pugna : _bMario Vargas Llosa y Miguel Gutiérrez / _cAbelardo Sánchez León. |
| 250 | _aPrimera edición digital. | ||
| 264 | 1 |
_aLima, Perú : _bFondo Editorial PUCP, _c[2023] |
|
| 300 | _a1 online resource. | ||
| 336 |
_atext _btxt _2rdacontent |
||
| 337 |
_acomputer _bc _2rdamedia |
||
| 338 |
_aonline resource _bcr _2rdacarrier |
||
| 347 |
_atext file _2rdaft |
||
| 347 | _bPDF | ||
| 504 | _aIncludes bibliographical references. | ||
| 588 | 0 | _aOnline resource; title from PDF title page (Digitalia, viewed October 23, 2023) | |
| 600 | 1 | 0 |
_aVargas Llosa, Mario, _d1936- _xCriticism and interpretation. |
| 600 | 1 | 0 |
_aGutiérrez, Miguel _xCriticism and interpretation. |
| 650 | 0 |
_aPolitics and literature _zPeru. |
|
| 650 | 0 |
_aAuthors, Peruvian _y20th century _xPolitical and social views. |
|
| 791 | 2 |
_aDigitalia (Firm), _edistributor. |
|
| 793 | 0 |
_gDigitalia eBook Collection: _aPontificia Universidad Católica de Perú. |
|
| 776 | 0 | 8 |
_iPrint version: _aSánchez León, Abelardo. _tTorrentes en pugna. _bPrimera edición. _dLima, Perú : Fondo Editorial PUCP, [2023] _z9786123178611 |
| 856 | 4 | 0 |
_3Digitalia Hispánica _uhttps://www.digitaliapublishing.com/a/130841/ |
| 910 | _aPremium collection: 2023 | ||
| 942 | _cRAA | ||
| 999 |
_c281248 _d281248 |
||